Responses for Show #7958 - Wednesday, March 27, 2019

Steven Grade game 1.

Contestants

[<< previous game]

Steven Grade, a sports industry consultant from Atlanta, Georgia

Amy Kroll, a quality control specialist from Rockville, Maryland

Emma Badame, a digital marketing manager from Toronto, Ontario, Canada (whose 1-day cash winnings total $12,600)

[next game >>]

Jeopardy! Round responses

HE WAS SENATOR & PRESIDENT
HAIRSTYLES
I'M WALKIN' HERE!
THE ELEMENTS
GETTING AN EDUCATION
SET IN THE CITY
(Alex: You have to identify the primary city in which the television series was set.)
    $200 6
Nixon

Steven
    $200 18
pigtails

Steven
    $200 7
trek

Steven
    $200 26
isotopes

Steven
    $200 16
master of business administration

Steven
    $200 1
Chicago

Steven
    $400 10
(Andrew) Johnson

Steven
    $400 22
Caesar

Steven
    $400 9
step

Amy
    $400 27
aluminum

Steven
    $400 17
a gymnasium

Amy
    $400 2
Pittsburgh

Amy
    $600 8
Warren G. Harding

Triple Stumper
    $600 23
a pixie

Steven
    $600 11
the Glide

Steven
    $600 28
oxygen

Steven
    $600 19
attendance

Steven
    $600 3
Minneapolis

Emma
    $2,400 12
(Alex: Bachelor president.)

Buchanan

Steven
    $800 24
(Alex: Less than a minute now.)

a bouffant

Emma
    $800 13
a constitutional

Emma
    $800 29
(Amy: What are electrons?)
...
[The end-of-round signal sounds.]

protons

AmySteven
    $800 20
the Air Force Academy

Triple Stumper
    $800 4
Boston

Steven
    $1000 15
Martin Van Buren

Triple Stumper
    $1000 25
a shag

Emma
    $1000 14
trod

Steven
    $1000 21
Georgetown

Emma
    $1000 5
Las Vegas

Steven

Scores at the first commercial break (after clue 15):

Emma Amy Steven
$1,400 $800 $6,800

Scores at the end of the Jeopardy! Round:

Emma Amy Steven
$4,200 $400 $10,800

Double Jeopardy! Round responses

TENTH
DOCTOR
ALLONS-Y
FILL IN THE TONY-WINNING PLAY TITLE
CALLED OUT IN SONG
IRISH PEOPLE?
(Alex: Notice there is a question mark there, because these aren't real Irish people. Let me give you an example. "Irish cigarette salesman". Who is Nick O'Tine?)
    $400 3
the states

Steven
    $400 19
Hippocrates

Steven
    $400 23
Versailles

Steven
    $400 1
are dead

Steven
    $400 2
Eminem

Steven
    $400 14
Rick O'Shea

Steven
    $800 6
frame

Steven
    $2,600 20
(John Harvey) Kellogg

Steven
    $800 24
(Alex: Less than a minute.)

Bergerac

Emma
    $800 4
elephant

Steven
    $800 5
Jay-Z

Steven
    $800 15
Nick O'Lodeon

Amy
    $3,000 9
(Steven: What is the metric system?)

the decimal system

Steven
    $1200 21
(Emma: What is jaundiced?)

blue

EmmaAmy
    $1200 25
Brittany

Triple Stumper
    $1200 7
curious

Amy
    $1200 8
(Rick) Astley

Steven
    $1200 16
Cat O'Nine-Tails

Emma
    $1600 27
the tenth month

Steven
    $1600 22
Albert Schweitzer

Triple Stumper
    $1600 26
Aquitaine

Steven
    $1600 12
Amadeus

Emma
    $1600 10
Lynyrd Skynyrd

Amy
    $1600 17
Phil O'Dendron

Triple Stumper
    $2000 29
[The end-of-round signal sounds.]

Joseph Lister

Triple Stumper
    $2000 28
Côte d'Azur

Emma
    $2000 13
Sylvia

Emma
    $2000 11
The Smiths

Steven
    $2000 18
Mel O'Drama

Triple Stumper

Scores at the end of the Double Jeopardy! Round:

Emma Amy Steven
$10,600 $5,200 $21,600
(lock game)

[wagering suggestions for these scores]

Final Jeopardy! Round responses

WORLD WAR II
(Alex: [To Amy] General Douglas MacArthur's words.)
AmyWhat is I shall retun return?
$0
EmmaWhat is we are winning
$5,200
StevenWhat is I shall return?
$0
"I shall return"

Final scores:

Emma Amy Steven
$5,400 $5,200 $21,600
2nd place: $2,000 3rd place: $1,000 New champion: $21,600

Game dynamics:

Coryat scores:

Emma Amy Steven
$10,600 $5,200 $21,200
10 R,
1 W
7 R,
1 W
32 R
(including 2 DDs),
1 W
(including 1 DD)

Combined Coryat: $37,000

[game clues] [game scores] [suggest correction]

Game tape date: 2019-02-04
The J! Archive is created by fans, for fans. Scraping, republication, monetization, and malicious use prohibited; this site may use cookies and collect identifying information. See terms. The Jeopardy! game show and all elements thereof, including but not limited to copyright and trademark thereto, are the property of Jeopardy Productions, Inc. and are protected under law. This website is not affiliated with, sponsored by, or operated by Jeopardy Productions, Inc. Join the discussion at JBoard.tv.